000 00893nam a2200301 a 4500
001 000113403
003 CHAP
005 20220329144352.0
008 170616s2011 sp a |r| |||1|||spa d
010 _a109864
011 _a110836
020 _a9788428215428
040 _cCHAP
082 0 4 _a636.9
_bB47
100 0 0 _aBennett, Bob
_911604
245 1 0 _aGuía de la cría de conejos :
_brazas, cuidados, jaulas /
_cpor Bob Bennett; traductor Manuel Pijoan.
260 _aBarcelona :
_bOmega,
_cc2011.
300 _axiii, 282 p. :
_bil.
534 _pTít. original :
_tStorey's Guide to Raising Rabbits.
590 _aE6096MTM
_b05
_c20170616
_lUCH01
_h1456
650 1 4 _aConejos
_xHábitos y conducta.
_926368
650 1 4 _aConejos
_xJaulas y equipos.
_926369
650 1 4 _aConejos
_xRazas.
_926377
650 1 4 _aCunicultura.
_930449
901 _aBK
942 _cLIBRO
942 _n0
999 _c109864
_d109864